• 首页
  • 本馆介绍
  • 公告通知
  • 最新文献
  • 馆藏检索
  • 电子资源
  • 读者导购
  • 参考咨询
  • 我的图书馆
  • 登录
  • 详细信息显示
  • 放入我的书架
  • 预约/预借图书
  • 作者相关作品
  • 分类相关作品
  • 丛书相关作品
  • 出版社相关作品

书目信息

  • 表格格式
  • 工作单格式
  • 卡片格式
题名:
用钱赚钱
    
 
作者: 品墨 编著
分册:  
出版信息: 北京   中国商业出版社  2021.1
页数: 182页
开本: 21cm
丛书名:
单 册:
中图分类: F830.59-49
科图分类:
主题词: 私人投资--si ren tou zi--通俗读物
电子资源:
ISBN: 978-7-5208-1414-0
000 00924nam0 2200241 450
001 2156231368
005 20211011172911.0
010    @a978-7-5208-1414-0@dCNY36.00
100    @a20210422d2021 em y0chiy0120 ea
101 0  @achi
102    @aCN@b110000
105    @ay z 000yy
106    @ar
200 1  @a用钱赚钱@Ayong qian zhuan qian@e通向财富自由之路@f品墨编著
210    @a北京@c中国商业出版社@d2021.1
215    @a182页@d21cm
330    @a本书从理财观念入手,对理财方法以及什么是正确的财富观进行了解读,同时介绍了如何设计自己的财富自由之路,如何打造投资组合利器,如何分散规避理财风险,以及如何何让财富增值的方式方法,帮助读者“用钱赚钱”,更快地通向财富自由之路。
517 1  @a通向财富自由之路@Atong xiang cai fu zi you zhi lu
606 0  @a私人投资@Asi ren tou zi@j通俗读物
690    @aF830.59-49@v5
701  0 @a品墨@Apin mo@4编著
801  0 @aCN@b百万庄@c20211005
905    @b1304614-17@dF830.59-49@e502@f4
    
    用钱赚钱:通向财富自由之路/品墨编著.-北京:中国商业出版社,2021.1
    182页;21cm
    
    
    ISBN 978-7-5208-1414-0:CNY36.00
    本书从理财观念入手,对理财方法以及什么是正确的财富观进行了解读,同时介绍了如何设计自己的财富自由之路,如何打造投资组合利器,如何分散规避理财风险,以及如何何让财富增值的方式方法,帮助读者“用钱赚钱”,更快地通向财富自由之路。
●
相关链接 在E读中查询图书 在五车中查询图书 在当当中查询图书 在豆瓣中查询图书


正题名:用钱赚钱     索取号:F830.59-49/502         预约/预借

序号 登录号 条形码 馆藏地/架位号 状态 备注
1 1304614   213046149   第一样本阅览室/ [索取号:F830.59-49/502] 在馆    
2 1304615   213046158   第一借阅区/ [索取号:F830.59-49/502] 在馆    
3 1304616   213046167   第一借阅区/ [索取号:F830.59-49/502] 在馆    
4 1304617   213046176   第一借阅区/ [索取号:F830.59-49/502] 在馆    
唐山师范学院图书馆 欢迎您!
大连网信软件有限公司© 版权所有